Инфекционный процесс (Запись № 1184642)

Подробности
000 -МАРКЕР
контрольное поле 01489nam0a2200337 4500
001 - ИДЕНТИФИКАТОР ЗАПИСИ
контрольное поле RU\NLR\bibl\1115070
005 - ИДЕНТИФИКАТОР ВЕРСИИ
контрольное поле 20260406065956.0
010 ## - МЕЖДУНАРОДНЫЙ СТАНДАРТНЫЙ НОМЕР КНИГИ (ISBN)
Номер (ISBN) 5-9761-0008-2
Тираж 1000
035 ## - ДРУГИЕ СИСТЕМНЫЕ НОМЕРА
Идентификатор записи (NLR Aleph) 001102078
100 ## - ДАННЫЕ ОБЩЕЙ ОБРАБОТКИ
Данные общей обработки 20070806d2006 |||y0rusy50 ca
101 0# - ЯЗЫК РЕСУРСА
Язык текста, звукозаписи и т.д. русский
102 ## - СТРАНА ПУБЛИКАЦИИ ИЛИ ПРОИЗВОДСТВА
Страна публикации Российская Федерация
105 ## - ПОЛЕ КОДИРОВАННЫХ ДАННЫХ: ТЕКСТОВЫЕ МАТЕРИАЛЫ, МОНОГРАФИЧЕСКИЕ
Кодированные данные о монографическом текстовом документе a |||||||||
200 1# - ЗАГЛАВИЕ И СВЕДЕНИЯ ОБ ОТВЕТСТВЕННОСТИ
Основное заглавие Инфекционный процесс
Сведения, относящиеся к заглавию клинические и патофизиологические аспекты
-- учебное пособие
Первые сведения об ответственности Н.А. Гавришева, Т.В. Антонова
210 ## - ПУБЛИКАЦИЯ, РАСПРОСТРАНЕНИЕ И ДР.
Место издания, распространения и т.д. Санкт-Петербург
Имя издателя, распространителя и т. д. ЭЛБИ-СПб
Дата издания, распространения и т.д. 2006
215 ## - ФИЗИЧЕСКАЯ ХАРАКТЕРИСТИКА
Специфическое обозначение материала и объем 281, [1] с.
Другие сведения о физической характеристике ил.
Размеры 21
300 ## - ОБЩИЕ ПРИМЕЧАНИЯ
Текст примечания На обороте тит. л. авт.: Гавришева Н.А., проф., д.м.н., Антонова Т.В., проф., д.м.н.
320 ## - ПРИМЕЧАНИЯ О НАЛИЧИИ В ДОКУМЕНТЕ БИБЛИОГРАФИИ / УКАЗАТЕЛЯ
Текст примечания Библиогр.: с. 275-276 (28 назв.)
320 ## - ПРИМЕЧАНИЯ О НАЛИЧИИ В ДОКУМЕНТЕ БИБЛИОГРАФИИ / УКАЗАТЕЛЯ
Текст примечания Предм. указ.: с. 277-279
606 1# - НАИМЕНОВАНИЕ ТЕМЫ КАК ПРЕДМЕТ
Наименование темы Инфекционный процесс
Формальный подзаголовок Учебные издания
Системный номер авторитетной/нормативной записи 1073150
Идентификатор авторитетной/нормативной записи RU\NLR\auth\6699681
686 ## - ИНДЕКСЫ ДРУГИХ КЛАССИФИКАЦИЙ
Индекс Р265.5я7
686 ## - ИНДЕКСЫ ДРУГИХ КЛАССИФИКАЦИЙ
Индекс Р514-2я7
700 #1 - ИМЯ ЛИЦА - ПЕРВИЧНАЯ ОТВЕТСТВЕННОСТЬ
Начальный элемент ввода Гавришева
Часть имени, кроме начального элемента ввода Н. А.
Расширение инициалов личного имени Наталья Алексеевна
Код отношения Автор
701 #1 - ИМЯ ЛИЦА - АЛЬТЕРНАТИВНАЯ ОТВЕТСТВЕННОСТЬ
Код отношения Автор
Материалы, к которым относится поле rus
Графика поля Кириллица
Начальный элемент ввода Антонова
Часть имени, кроме начального элемента ввода Т.В.
Дополнения к именам, кроме дат д-р мед. наук
Расширение инициалов личного имени Тамара Васильевна
Идентификатор авторитетной/нормативной записи RU\NLR\auth\7715366
Системный номер авторитетной/нормативной записи 125021
801 #0 - ИСТОЧНИК ЗАПИСИ
Страна Российская Федерация
Организация NLR
Дата составления 20070806
Правила каталогизации RCR
801 #1 - ИСТОЧНИК ЗАПИСИ
Страна Российская Федерация
Организация NLR
Дата составления 20070806
830 ## - ОБЩЕЕ ПРИМЕЧАНИЕ, СОСТАВЛЕННОЕ КАТАЛОГИЗАТОРОМ
Текст примечания авт. по кн.
942 ## - ДОПОЛНИТЕЛЬНЫЕ ЭЛЕМЕНТЫ ЗАПИСИ (АБИС)
Тип экземпляра АБИС Книга
980 ## - КОЛЛЕКЦИЯ
Название коллекции Национальная библиография
Экземпляры
Тип экземпляра Дата поступления Источник поступления Стоимость Библиотека постоянного хранения Библиотека текущего хранения Место хранения Шифр хранения Штрих-код Статус экземпляра
Книга 06.08.2007 Покупка 162.00 РНБ (Московский) РНБ (Московский) Русский книжный фонд: издания с 1957 года 2007-3/21927 2483073  
Книга 05.09.2007 Покупка 162.00 РНБ (Московский) РНБ (Московский) Фонд общего зала литературы по биологии и медицине М1 Р514/Г-125 1-355506  
Книга 05.09.2007 Покупка 162.00 РНБ (Садовая) РНБ (Садовая) Универсальный читальный зал У Р26/Г-125 1-244421